[Event "IECG QE.2001.0.00006"]
[Site "IECG email"]
[Date "2001.08.31"]
[Round "?"]
[White "Mori, Roberto"]
[Black "Casey, Anthony"]
[Result "0-1"]
[WhiteElo "1282"]
[BlackElo "1236"]
[PlyCount "64"]
[EventDate "2001.08.31"]
[EventType "tourn (corr)"]
[EventRounds "6"]
[SourceTitle "Corr 2008"]
[Source "ChessBase"]
[SourceDate "2008.06.24"]
[SourceVersion "1"]
[SourceVersionDate "2008.06.24"]
[SourceQuality "1"]

1. e4 g6 2. d4 Bg7 3. Nc3 c6 4. Nf3 d6 5. Be2 Nf6 6. 0-0 0-0 7. a4 Nbd7 8. Bg5 Qc7 9. Qd2 e5 10. dxe5 dxe5 11. Rfd1 Nc5 12. Qe3 Ne6 13. h3 Nxg5 14. Qxg5 Nh5 15. Bc4 Nf4 16. Qh4 Nh5 17. g4 Nf4 18. Rd2 b6 19. Rad1 h5 20. Rd6 hxg4 21. hxg4 Be6 22. Bxe6 Nxe6 23. Kg2 Nd4 24. Rf6 Bxf6 25. Qxf6 Qd8 26. Qxd8 Raxd8 27. Nxe5 Rfe8 28. f4 g5 29. Nd5 cxd5 30. Rxd4 dxe4 31. Rxe4 gxf4 32. Kf3 Rd2 0-1

[Event "IECG CP.2000.P.00011"]
[Site "IECG email"]
[Date "2000.10.01"]
[Round "?"]
[White "Casey, Anthony"]
[Black "Fuernkranz, Johannes"]
[Result "0-1"]
[WhiteElo "1263"]
[BlackElo "2130"]
[PlyCount "20"]
[EventDate "2000.10.01"]
[EventType "tourn (corr)"]
[EventRounds "6"]
[EventCountry "ESP"]
[SourceTitle "Corr 2008"]
[Source "ChessBase"]
[SourceDate "2008.06.24"]
[SourceVersion "1"]
[SourceVersionDate "2008.06.24"]
[SourceQuality "1"]

1. d4 d5 2. c4 e6 3. Nc3 c5 4. cxd5 exd5 5. Nf3 Nc6 6. Bg5 Be7 7. Bxe7 Ngxe7 8. e3 cxd4 9. Nxd4 Qb6 10. Qc2 Nxd4 0-1

[Event "IECG CP.2000.P.00011"]
[Site "IECG email"]
[Date "2000.10.01"]
[Round "?"]
[White "Casey, Anthony"]
[Black "Townsend, John"]
[Result "0-1"]
[WhiteElo "1263"]
[BlackElo "1952"]
[PlyCount "26"]
[EventDate "2000.10.01"]
[EventType "tourn (corr)"]
[EventRounds "6"]
[EventCountry "ESP"]
[SourceTitle "Corr 2008"]
[Source "ChessBase"]
[SourceDate "2008.06.24"]
[SourceVersion "1"]
[SourceVersionDate "2008.06.24"]
[SourceQuality "1"]

1. d4 e6 2. c4 f5 3. Nf3 Nf6 4. g3 d6 5. Nc3 Be7 6. Bg2 0-0 7. 0-0 Qe8 8. b3 a5 9. Bb2 Na6 10. Qc2 Qh5 11. e3 Bd7 12. Rfe1 Bc6 13. Qe2 Be4 0-1

[Event "IECG C3.1999.0.00100"]
[Site "IECG email"]
[Date "1999.04.23"]
[Round "?"]
[White "Casey, Anthony"]
[Black "Bunyan, Henry"]
[Result "0-1"]
[WhiteElo "1200"]
[BlackElo "1280"]
[PlyCount "62"]
[EventDate "1999.04.23"]
[EventType "tourn (corr)"]
[EventRounds "6"]
[SourceTitle "Corr 2008"]
[Source "ChessBase"]
[SourceDate "2008.06.24"]
[SourceVersion "1"]
[SourceVersionDate "2008.06.24"]
[SourceQuality "1"]

1. d4 d5 2. c4 c6 3. cxd5 cxd5 4. Nc3 Nf6 5. Nf3 Nc6 6. Bf4 a6 7. Ne5 e6 8. e3 Nxe5 9. Bxe5 Be7 10. Qb3 0-0 11. Bd3 Bd6 12. Bxf6 Qxf6 13. 0-0 b5 14. f4 Bd7 15. Rf3 g6 16. Rc1 Rfc8 17. Rc2 Rc7 18. Kh1 Rac8 19. Rf1 b4 20. Bxa6 Ra8 21. Nxd5 exd5 22. Rxc7 Bxc7 23. Bb7 Ra5 24. Bxd5 Bc6 25. Bc4 Be4 26. Be2 Qc6 27. Bf3 Bxf3 28. gxf3 Bd6 29. Kg2 Qa6 30. Ra1 Qe2+ 31. Kg1 Rg5+ 0-1

[Event "IECG CP.1998.P.00045"]
[Site "IECG email"]
[Date "1998.10.01"]
[Round "?"]
[White "Casey, Anthony"]
[Black "Chatzisotiriou, Petros"]
[Result "0-1"]
[WhiteElo "1200"]
[BlackElo "1575"]
[PlyCount "48"]
[EventDate "1998.10.01"]
[EventType "tourn (corr)"]
[EventRounds "6"]
[EventCountry "NED"]
[SourceTitle "Corr 2008"]
[Source "ChessBase"]
[SourceDate "2008.06.24"]
[SourceVersion "1"]
[SourceVersionDate "2008.06.24"]
[SourceQuality "1"]

1. d4 Nf6 2. c4 g6 3. Nc3 d5 4. Nf3 Bg7 5. cxd5 Nxd5 6. Qb3 Nxc3 7. bxc3 0-0 8. Ba3 b6 9. e4 Bb7 10. Bd3 Nd7 11. 0-0 Nf6 12. Rfe1 Re8 13. Ng5 e6 14. Bc4 Qd7 15. e5 Nd5 16. Bb5 c6 17. Bc4 b5 18. Rab1 Qd8 19. Ne4 Nb6 20. Bd3 Qd5 21. Nd6 Qxb3 22. Rxb3 Reb8 23. Be4 Nd5 24. c4 b4 0-1

[Event "IECG CP.1998.P.00045"]
[Site "IECG email"]
[Date "1998.10.01"]
[Round "?"]
[White "Casey, Anthony"]
[Black "Schuster, Savely"]
[Result "0-1"]
[WhiteElo "1200"]
[BlackElo "1873"]
[PlyCount "38"]
[EventDate "1998.10.01"]
[EventType "tourn (corr)"]
[EventRounds "6"]
[EventCountry "NED"]
[SourceTitle "Corr 2008"]
[Source "ChessBase"]
[SourceDate "2008.06.24"]
[SourceVersion "1"]
[SourceVersionDate "2008.06.24"]
[SourceQuality "1"]

1. d4 d5 2. c4 dxc4 3. Nc3 e5 4. e3 exd4 5. exd4 Qe7+ 6. Be3 Qb4 7. Qe2 Bd6 8. 0-0-0 Ne7 9. Nd5 Qa5 10. Nxe7 Bxe7 11. Qxc4 0-0 12. Bd2 Qf5 13. Qxc7 Bd7 14. Qc2 Rc8 15. Bc3 Bg5+ 16. Rd2 Qd5 17. Kb1 Nc6 18. Qd1 Bxd2 19. Qxd2 Bf5+ 0-1

[Event "IECG CP.1998.P.00045"]
[Site "IECG email"]
[Date "1998.10.01"]
[Round "?"]
[White "Collins, Michael"]
[Black "Casey, Anthony"]
[Result "0-1"]
[WhiteElo "800"]
[BlackElo "1200"]
[PlyCount "38"]
[EventDate "1998.10.01"]
[EventType "tourn (corr)"]
[EventRounds "6"]
[EventCountry "NED"]
[SourceTitle "Corr 2008"]
[Source "ChessBase"]
[SourceDate "2008.06.24"]
[SourceVersion "1"]
[SourceVersionDate "2008.06.24"]
[SourceQuality "1"]

1. e4 g6 2. e5 d5 3. d4 c6 4. Nf3 e6 5. Bb5 cxb5 6. 0-0 Nc6 7. Bg5 Qb6 8. Nc3 Bh6 9. Bxh6 Nxh6 10. Qd2 Nf5 11. Qd3 Nfxd4 12. Nxd4 Nxd4 13. a4 bxa4 14. Rxa4 Nf3+ 15. Qxf3 Qxb2 16. Rb1 Qxc2 17. Ra2 Qf5 18. Qxf5 gxf5 19. Nb5 Kd7 0-1